| 000 | 00595nam a2200229Ia 4500 | ||
|---|---|---|---|
| 008 | 141004s9999 xx 000 0 und d | ||
| 040 | _ca | ||
| 041 | _aEnglish | ||
| 082 | _a580.12 | ||
| 082 | _bGOE/OU | ||
| 100 | _aK Goebel | ||
| 245 | _aOutlines of classification and special morphology of plants | ||
| 245 | _cK Goebel | ||
| 260 | _aNew Delhi | ||
| 260 | _bInternational book distributors | ||
| 260 | _c1984 | ||
| 300 | _a515 p. | ||
| 300 | _b24 cm | ||
| 501 | _a7A3,4 | ||
| 650 | _aMorphology | ||
| 942 | _cBK | ||
| 999 |
_c301309 _d301309 |
||